000 00639nam a2200241Ia 4500
003 OSt
005 20221005033717.0
006 a|||||r|||| 00| 0
007 ta
008 221004b |||||||| |||| 00| 0 eng d
024 _a60240
037 _cTextual
040 _aCRL
_cCRL
_beng
041 _2eng
_aeng
082 _aV2:510aM2, N0
100 _aMadan Gopal
245 0 _aFreedom movement and the press
_b The role of hindi newspapers.
260 _aDelhi
_bCriterion
_c1990
300 _a178p.
_ccm.
650 _aHISTORY
942 _hV2:510aM2, N0
_cTEXL
_2cc
999 _c941956
_d941956